| 000 | 00905cam a2200277 a 4500 | ||
|---|---|---|---|
| 005 | 20150924114840.0 | ||
| 008 | 010218s1999 ck ab r 00010 spa d | ||
| 015 | _ack-1999-xxxx | ||
| 040 |
_ala _cla |
||
| 041 | 0 | _aspa | |
| 043 | _ack--- | ||
| 082 | 0 | 4 |
_a333.7 _bP51p |
| 100 | 1 |
_aPenuela, Maria Cristina. _939602 |
|
| 245 | 1 | 0 |
_aParque Nacional Natural Chiribiquete / _cMa. Cristina Penuela, Patricio von Hildebrand. |
| 260 |
_aBogota : _bFundacion Puerto Rastrojo, _c1999. |
||
| 300 |
_a119 p. : _bilustraciones., mapas ; _c28 cm. |
||
| 504 | _aIncluye bibliografia. | ||
| 650 |
_aParques naturales _z Amazonas (Colombia) _939603 |
||
| 650 |
_aFauna _939604 |
||
| 650 |
_aExplotacion de Caucho _939605 |
||
| 650 |
_aGeomorfologia _939606 |
||
| 651 |
_aParque Nacional Natural Chiribiquete _939607 |
||
| 700 | 1 |
_aHildebrand, Patricio von. _912430 |
|
| 942 |
_2ddc _cLIBRO |
||
| 949 |
_ac _bc |
||
| 999 |
_c1869 _d1869 |
||